Album Covers by Letter - G - Statistics

General Stats
  • This quiz has been taken 159 times
  • The average score is 7 of 16
Answer Stats
Picture Answer % Correct
Get Rich or Die Tryin' - 50 Cent
83%
Graduation - Kanye West
81%
GNX - Kendrick Lamar
73%
good kid, m.A.A.d city - Kendrick Lamar
70%
GUTS - Olivia Rodrigo
70%
Grace - Jeff Buckley
67%
Goodbye Yellow Brick Road - Elton John
64%
Gangsta's Paradise - Coolio
52%
Graceland - Paul Simon
29%
Glass Houses - Billy Joel
27%
Ghost in the Machine - The Police
24%
Garbage - Garbage
16%
Gaucho - Steely Dan
13%
Gore - Deftones
13%
Government Plates - Death Grips
11%
Grassroots - 311
1%
No matching quizzes found
Score Distribution
Percent of People with Each Score
Percentile by Number Answered
Your Score History
You have not taken this quiz